[Event "Mediterranean Open"]
[Site "Rijeka CRO"]
[Date "2008.12.05"]
[Round "8"]
[White "Paljusaj,E"]
[Black "Sale,S"]
[Result "1/2-1/2"]
[WhiteElo "2281"]
[BlackElo "2380"]

1.e4 c5 2.Nf3 e6 3.d4 cxd4 4.Nxd4 Nc6 5.Nb5 d6 6.c4 Nf6 7.N5c3 b6 8.Be2 Bb7
9.O-O Be7 10.Bf4 O-O 11.Nd2 a6 12.a3 Rc8 13.Rc1 Ne5 14.b4 Qc7 15.Re1 Qb8
16.Bf1 Qa8 17.Na4 Ned7 18.f3 Bc6 19.Nb2 b5 20.Kh1 Rfd8 21.Qb3 Kh8 22.Nd3 Rg8
23.Qb2 g5 24.Bg3 Rg6 25.cxb5 axb5 26.e5 dxe5 27.Nxe5 Nxe5 28.Bxe5 Kg8 29.Bd3 Rh6
30.Ne4 Nxe4 31.Bxe4 Bxe4 32.Rxc8+ Qxc8 33.Rxe4 Rg6 34.Re1 g4 35.Rc1 Qa8 36.Qc3 f6
37.Qc8+ Qxc8 38.Rxc8+ Kf7 39.Bf4 gxf3 40.gxf3 Rg8 41.Rc7 e5 42.Be3 Ke6 43.f4 exf4
44.Bxf4 Rg4 45.Bg3 h5 46.Kg2 h4 47.Kf3 f5 48.Bf2 h3 49.Rc6+ Kd5 50.Rh6 Rc4
51.Rxh3 Bd6 52.Kg2 Rc2 53.Rd3+ Ke6 54.h4 Be5 55.h5 f4 56.h6 Kf5 57.Kf3 Rc6
58.h7 Rh6 59.Rd5 Rh3+ 60.Kg2 Rxh7 61.Bd4 Ke4 62.Rxe5+ Kxd4 63.Rxb5 Ra7  1/2-1/2

[Event "Helio da Motta Filho Cup"]
[Site "Rio de Janeiro BRA"]
[Date "2008.12.06"]
[Round "1"]
[White "Chauca,J"]
[Black "Saldano Dayer,H"]
[Result "0-1"]
[WhiteElo "2185"]
[BlackElo "2457"]

1.e4 c5 2.Nf3 e6 3.d4 cxd4 4.Nxd4 Nc6 5.Nb5 d6 6.c4 Nf6 7.N1c3 a6 8.Na3 Be7
9.Be2 O-O 10.O-O b6 11.Be3 Ne5 12.f4 Ned7 13.Bf3 Bb7 14.Qe2 h6 15.Rfd1 Qc7
16.Rac1 Rac8 17.Nab1 Rfe8 18.Nd2 Qb8 19.g4 Nh7 20.Qf2 Nc5 21.Nb3 g5 22.Nxc5 dxc5
23.f5 Bd6 24.fxe6 fxe6 25.Qg2 Be5 26.Rd3 Rcd8 27.Rcd1 Rxd3 28.Rxd3 Bc6 29.h4 Qc7
30.hxg5 Nxg5 31.Nd1 Rf8 32.Bxg5 hxg5 33.b3 Bd4+ 34.Nf2 Bxe4 35.Bxe4 Bxf2+  0-1

[Event "TCh-BEL 2008-9"]
[Site "Belgium BEL"]
[Date "2008.12.07"]
[Round "5"]
[White "Drabke,L"]
[Black "De Haan,E"]
[Result "1/2-1/2"]
[WhiteElo "2474"]
[BlackElo "2364"]

1.e4 c5 2.Nf3 e6 3.d4 cxd4 4.Nxd4 Nc6 5.Nb5 d6 6.c4 Nf6 7.N1c3 a6 8.Na3 b6
9.Be2 Bb7 10.O-O Be7 11.Be3 O-O 12.Qd2 Ne5 13.f3 Rc8 14.Rfd1 Qc7 15.Rac1 Qb8
16.Na4 Ned7 17.b4 d5 18.exd5 exd5 19.Nxb6 Nxb6 20.Bxb6 Bd6 21.h3 Rfe8 22.Rb1 Bf4
23.Qb2 dxc4 24.Nxc4 Rxe2 25.Qxe2 Bd5 26.Bc5 Qb5 27.Rxd5 Nxd5 28.Qd3 Nxb4
29.Bxb4 Qxc4 30.Qxc4 Rxc4 31.Bd2 h5 32.Bxf4  1/2-1/2

[Event "III Open"]
[Site "Palma de Mallorca ESP"]
[Date "2008.12.12"]
[Round "7"]
[White "Tallo Dominguez,I"]
[Black "Durarbeyli,V"]
[Result "0-1"]
[WhiteElo "2125"]
[BlackElo "2434"]

1.e4 c5 2.Nf3 e6 3.d4 cxd4 4.Nxd4 Nc6 5.Nb5 d6 6.Bf4 e5 7.Be3 a6 8.N5c3 Nf6
9.Bg5 Be7 10.Nd2 b5 11.Bxf6 Bxf6 12.a4 b4 13.Nd5 O-O 14.Nc4 Be6 15.Nce3 Bg5
16.Bd3 Ne7 17.O-O Bxd5 18.Nxd5 Nxd5 19.exd5 f5 20.Qe2 a5 21.Bb5 Qf6 22.f3 Qh6
23.g3 Be3+ 24.Kg2 Ra7 25.c3 Bc5 26.cxb4 Bxb4 27.Rac1 Re7 28.Rc4 Qf6 29.Qc2 Bc5
30.Qc3 Bb4 31.Qc2 h5 32.Rc8 g6 33.Rxf8+ Kxf8 34.b3 Kg7 35.Bd3 h4 36.g4 Qg5
37.Qe2 Bc5 38.Kh1 Kf6 39.Re1 Qf4 40.h3 Qg3 41.Qf1 Bf2 42.Re2 Qxf3+ 43.Qg2 Qxd3
44.Rxf2 f4 45.Qf3 Qxf3+ 46.Rxf3 Rc7 47.Kg2 g5 48.b4 axb4 49.Rb3 e4 50.Rb2 Ke5
51.a5 f3+ 52.Kf2 Kf4 53.Rxb4 Rc2+  0-1

[Event "XXI Carlos Torre"]
[Site "Merida MEX"]
[Date "2008.12.14"]
[Round "2"]
[White "Duarte Barahona,R"]
[Black "Borges Mateos,J"]
[Result "1/2-1/2"]
[WhiteElo "2207"]
[BlackElo "2459"]

1.e4 e6 2.d4 c5 3.Nf3 cxd4 4.Nxd4 Nc6 5.Nb5 d6 6.c4 Nf6 7.N1c3 a6 8.Na3 Be7
9.Be2 b6 10.Be3 O-O 11.O-O Bb7 12.Kh1 Nb8 13.f3 Nbd7 14.Rc1 Rc8 15.Qd2 Qc7
16.Nc2 Kh8 17.Nd4 Rg8 18.a3 h6 19.b4 g5 20.Nb3 Rg6 21.c5 dxc5 22.bxc5 b5
23.Na2 g4 24.Qb2 Kg8 25.Nb4 a5 26.c6 axb4 27.cxb7 Qxb7 28.Rxc8+ Qxc8 29.axb4 gxf3
30.gxf3 Bxb4 31.Bxb5 Qb7 32.Bxd7 Nxd7 33.Nd4 Qa6 34.Rg1 Rxg1+ 35.Kxg1 Bc5
36.Kf2 Qa7 37.Nc2 Qc7 38.Kg2 Bf8 39.Nd4 Bg7 40.Qd2 Kh7 41.Qc2 Qb8 42.Ne2 Ne5
43.Ng3 Qb5 44.Qe2 Qb3 45.Nh5 Bh8 46.Bf4 Ng6 47.Bg3 Qc3 48.Nf4 Ne5 49.h4 Qb3
50.Nh5 Qc3 51.Nf4 Qd4 52.Bf2 Qd8 53.Kh2 Qc7 54.Bg3 Qc3 55.Kg2 Qd4 56.Bf2 Qa1
57.Kh2 Qc1 58.Bg3 Nc4 59.Nd3 Qc3 60.Kg2 Bd4 61.Bf2 Bxf2 62.Nxf2 Qg7+ 63.Kh3 Ne5
64.Ng4 Ng6 65.Qe3 f5 66.exf5 exf5 67.Nh2 Qf6 68.Qa7+ Kg8 69.Qb8+  1/2-1/2

[Event "TCh-SLO"]
[Site "Murska Sobota SLO"]
[Date "2008.12.14"]
[Round "9"]
[White "Kovac,B"]
[Black "Zupe,M"]
[Result "1/2-1/2"]
[WhiteElo "2336"]
[BlackElo "2349"]

1.e4 c5 2.Nf3 e6 3.d4 cxd4 4.Nxd4 Nc6 5.Nb5 d6 6.c4 Nf6 7.N1c3 a6 8.Na3 Be7
9.Be3 O-O 10.Be2 b6 11.O-O Bb7 12.Rc1 Rb8 13.Nab1 Ne5 14.f4 Ned7 15.Nd2 Qc7
16.Bf3 Qd8 17.Be2 Ne5 18.Ndb1 Ned7 19.Nd2 Qc7 20.Bf3 Qd8 21.Be2 Ne5 22.Ndb1 Ned7
23.Nd2 Qc7 24.Bf3 Qd8  1/2-1/2

[Event "Masters"]
[Site "Hastings ENG"]
[Date "2008.12.28"]
[Round "1"]
[White "Zhou,Y"]
[Black "Gordon,S"]
[Result "0-1"]
[WhiteElo "2276"]
[BlackElo "2521"]

1.e4 c5 2.Nf3 e6 3.d4 cxd4 4.Nxd4 Nc6 5.Nb5 d6 6.Bf4 e5 7.Be3 Nf6 8.Bg5 a6
9.N5c3 Be6 10.Nd5 Bxd5 11.exd5 Nb8 12.c4 Be7 13.Be3 O-O 14.Nc3 Nfd7 15.g4 Bg5
16.Qd2 Bxe3 17.Qxe3 a5 18.Bd3 Na6 19.Rc1 Rc8 20.b3 Ndc5 21.Bb1 a4 22.bxa4 Rc7
23.O-O Re7 24.Kh1 Qd7 25.Rg1 g6 26.Qh6 f6 27.Rg3 Rg7 28.a5 Qd8 29.Nb5 Nc7
30.Na3 Ne8 31.Qd2 Rgf7 32.h4 f5 33.gxf5 Qxh4+ 34.Kg1 e4 35.fxg6 Rxf2 36.gxh7+ Kxh7  0-1

[Event "TCh-BEL 2008-9"]
[Site "Belgium BEL"]
[Date "2009.01.04"]
[Round "6"]
[White "Drabke,L"]
[Black "Zhang,T"]
[Result "0-1"]
[WhiteElo "2474"]
[BlackElo "2240"]

1.e4 c5 2.Nf3 e6 3.d4 cxd4 4.Nxd4 Nc6 5.Nb5 d6 6.c4 a6 7.N5c3 Nf6 8.Be3 Be7
9.Be2 O-O 10.O-O Ne5 11.f4 Ned7 12.Bf3 Qc7 13.Na3 Kh8 14.Rc1 b6 15.g4 Bb7
16.g5 Ne8 17.Bg2 f5 18.Nc2 g6 19.Qe2 Ng7 20.exf5 Bxg2 21.Kxg2 gxf5 22.Bd4 Qb7+
23.Kh3 Nc5 24.Bxg7+ Kxg7 25.b4 Ne4 26.Nd4 Qd7 27.Nxe4 fxe4 28.Qg4 Rf5 29.Nxf5+ exf5
30.Qh5 Qe6 31.Qd1 a5 32.Qd4+ Kf7 33.bxa5 bxa5 34.Rb1 Rc8 35.Rfc1 Rc5 36.Qh8 Qg6
37.Kg3 Qh5 38.g6+ Qxg6+ 39.Kf2 Qh5 40.Rb3 Qxh2+ 41.Ke1 Qg1+ 42.Kd2 Qf2+ 43.Kd1 Qf1+
44.Kc2 Qxc4+ 45.Rc3 Qxa2+ 46.Kd1 Rd5+ 47.Ke1 Bh4+  0-1

[Event "7th Gibtelecom Masters"]
[Site "Caleta ENG"]
[Date "2009.01.30"]
[Round "4"]
[White "Sanchez,Lo"]
[Black "Arakhamia,K"]
[Result "1/2-1/2"]
[WhiteElo "2263"]
[BlackElo "2500"]

1.e4 c5 2.Nf3 e6 3.d4 cxd4 4.Nxd4 Nc6 5.Nb5 d6 6.c4 Nf6 7.N1c3 a6 8.Na3 b6
9.Be2 Bb7 10.O-O Nb8 11.f3 Nbd7 12.Be3 Qc7 13.Rc1 Be7 14.Qe1 O-O 15.Qf2 Rac8
16.Rfd1 Rfe8 17.Nc2 Bd8 18.Kh1 Qb8 19.Rd2 Ne5 20.Bxb6 Nxc4 21.Bxc4 Rxc4 22.Bxd8 Rxd8
23.Rcd1 Rcc8 24.Qb6 Rc6 25.Qa5 Rdc8 26.Nb4 Rc5 27.Qb6 d5 28.Nxa6 Bxa6 29.Qxa6 dxe4
30.Nxe4 Nxe4 31.fxe4 g6 32.Qd3 Qe5 33.h3 Rc4 34.Re2 Rc1 35.Qd2 Rxd1+ 36.Qxd1 Qf4
37.Re1 Qf2 38.Qe2 Qa7 39.b3 e5 40.Qb2 Qc5 41.Re2 h5 42.b4 Qb5 43.Re1 Rd8
44.Rb1 Rd4 45.a4 Qxa4 46.b5 Qa7 47.b6 Qb7 48.Qc2 Kg7 49.Rb5 h4 50.Qb1 Rxe4
51.Qxe4  1/2-1/2

[Event "TCh-NED 2008-9"]
[Site "Netherlands NED"]
[Date "2009.02.07"]
[Round "5"]
[White "Van Haastert,E"]
[Black "Willemze,T"]
[Result "1/2-1/2"]
[WhiteElo "2417"]
[BlackElo "2398"]

1.e4 c5 2.Nf3 e6 3.d4 cxd4 4.Nxd4 Nc6 5.Nb5 d6 6.c4 Nf6 7.N5c3 Be7 8.Be2 O-O
9.O-O b6 10.f4 Bb7 11.Bf3 Qc7 12.Be3 Rac8 13.Nd2 Qb8 14.g4 Na5 15.g5 Nd7
16.b3 Rfe8 17.Bg2  1/2-1/2

[Event "It B"]
[Site "Nancy FRA"]
[Date "2009.02.18"]
[Round "4"]
[White "Ninov,N"]
[Black "Paci,C"]
[Result "1-0"]
[WhiteElo "2526"]
[BlackElo "2300"]

1.e4 c5 2.Nf3 Nc6 3.d4 cxd4 4.Nxd4 e6 5.Nb5 d6 6.Bf4 e5 7.Be3 Be6 8.Nd2 Nf6
9.Bg5 Be7 10.Bxf6 Bxf6 11.Bc4 O-O 12.O-O a6 13.Nc3 b5 14.Bd5 Rc8 15.a3 Nd4
16.Nb3 Qb6 17.Qd3 Rc4 18.Qe3 h6 19.Bxe6 fxe6 20.Rad1 a5 21.Qh3 Re8 22.Qh5 Rb8
23.Rd3 b4 24.axb4 axb4 25.Ne2 Rxc2 26.Nbxd4 exd4 27.Nf4 Qc6 28.Qg6 Rc1 29.g3 Rxf1+
30.Kxf1 Qc4 31.Kg2 Rf8 32.Rf3 Be5 33.b3 Qc8 34.Qxe6+ Qxe6 35.Nxe6 Rc8 36.Kf1 Rc1+
37.Ke2 Rc2+ 38.Ke1 g5 39.Rd3 Rc1+ 40.Ke2 Rc2+ 41.Ke1 Rc1+ 42.Rd1 Rc2 43.Nxd4 Rb2
44.Rd3 Kf7 45.Nf5 Ke6 46.Nxh6 Bc3+ 47.Kf1 Rxb3 48.Nf5 Rb1+ 49.Kg2 Be5 50.h4 b3
51.Nd4+ Bxd4 52.Rxd4 gxh4 53.gxh4 b2 54.Rb4 Re1 55.Rxb2 Rxe4 56.Kg3 Kf6 57.Rd2 Ke5
58.f3 Ra4 59.h5 d5 60.h6 d4 61.h7 Ra8 62.Rh2 Rh8 63.Kg4 d3 64.Kg5 d2 65.Re2+  1-0

[Event "TCh-HUN 2008-9"]
[Site "Budapest HUN"]
[Date "2009.02.22"]
[Round "8"]
[White "Anka,E"]
[Black "Horvath,Ad1"]
[Result "0-1"]
[WhiteElo "2389"]
[BlackElo "2514"]

1.e4 c5 2.Nf3 e6 3.d4 cxd4 4.Nxd4 Nc6 5.Nb5 d6 6.c4 a6 7.N5c3 Nf6 8.Be2 Be7
9.O-O b6 10.Be3 Bb7 11.f3 O-O 12.Re1 Rc8 13.Na3 Re8 14.Bf1 Ne5 15.Qd2 d5
16.cxd5 exd5 17.Nxd5 Bxd5 18.exd5 Nxd5 19.Nc2 Nxe3 20.Qxd8 Rcxd8 21.Nxe3 Bb4
22.Re2 Nd3 23.Nd1 Bc5+ 24.Kh1 Rxe2 25.Bxe2 Re8 26.Nc3 Nf2+ 27.Kg1 Nd1+ 28.Kf1 Ne3+  0-1

[Event "25th Open"]
[Site "Cappelle la Grande FRA"]
[Date "2009.03.03"]
[Round "5"]
[White "Genova,Ly"]
[Black "Philippe,C"]
[Result "1-0"]
[WhiteElo "2231"]
[BlackElo "2458"]

1.e4 c5 2.Nf3 e6 3.d4 cxd4 4.Nxd4 Nc6 5.Nb5 d6 6.c4 Nf6 7.N1c3 a6 8.Na3 Be7
9.Be2 O-O 10.O-O b6 11.Be3 Bb7 12.f3 Nd7 13.Qd2 Rc8 14.Rac1 Nc5 15.Nc2 Qc7
16.Rfd1 Rfd8 17.Bf1 Ne5 18.Nd4 Qb8 19.Qf2 Ncd7 20.b3 Ba8 21.Nde2 b5 22.cxb5 axb5
23.a4 bxa4 24.bxa4 Nc5 25.Nd4 Bb7 26.Bb5 Qa8 27.Qe2 Qa5 28.Bd2 Qa8 29.Be3 h6
30.Qa2 Bf6 31.Qa3 Ba6 32.Nce2 Rb8 33.Rc3 Rdc8 34.Qc1 Bb7 35.Qc2 Be7 36.Ng3 Nc6
37.Nxc6 Bxc6 38.Bxc6 Qxc6 39.e5 Qxa4 40.exd6 Qxc2 41.Rxc2  1-0

[Event "25th Open"]
[Site "Cappelle la Grande FRA"]
[Date "2009.03.04"]
[Round "6"]
[White "Petrisor,A"]
[Black "Sokolov,And1"]
[Result "0-1"]
[WhiteElo "2242"]
[BlackElo "2552"]

1.e4 c5 2.Nf3 e6 3.d4 cxd4 4.Nxd4 Nc6 5.Nb5 d6 6.Bf4 e5 7.Be3 Be7 8.Nd2 Nf6
9.Bg5 O-O 10.Bxf6 Bxf6 11.Nc4 Be6 12.Ne3 Qb6 13.Nd5 Bxd5 14.exd5 Ne7 15.Rb1 e4
16.c3 a6 17.Na3 Qc5 18.Qb3 Nxd5 19.Rd1 Nxc3 20.bxc3 Bxc3+ 21.Ke2 Qh5+ 22.Ke3 Rac8
23.Qd5 Be5 24.Nc4 Rc5 25.Qd2 Qh6+  0-1

[Event "FSIMA March"]
[Site "Budapest HUN"]
[Date "2009.03.13"]
[Round "7"]
[White "Lengyel,B"]
[Black "Mihok,O"]
[Result "1-0"]
[WhiteElo "2268"]
[BlackElo "2355"]

1.e4 c5 2.Nf3 e6 3.d4 cxd4 4.Nxd4 Nc6 5.Nb5 d6 6.c4 Nf6 7.N1c3 a6 8.Na3 Be7
9.Be2 O-O 10.O-O b6 11.Be3 Bb7 12.Qb3 Nd7 13.Rfd1 Nc5 14.Qc2 Bf6 15.Rac1 Qe7
16.Nab1 Nb4 17.Qd2 Rfd8 18.Bf1 a5 19.Qe2 Rd7 20.Rd2 Nxe4 21.Nxe4 Bxe4 22.Nc3 Bc6
23.Bxb6 Rb7 24.Be3 a4 25.a3 Na6 26.Rcd1 Rd7 27.Nb5 d5 28.cxd5 Rxd5 29.Nd4 Bb7
30.Qc4 Nc5 31.Qb4 Ne4 32.Qxe7 Bxe7 33.Rc2 Bc5 34.Bd3 Nd6 35.Be2 e5 36.Nf3 Bxe3
37.fxe3 Rxd1+ 38.Bxd1 f6 39.Rc7 Be4 40.Nd2 Bg6 41.Rd7 Nf5 42.Bf3 Rb8 43.Bd5+ Kf8
44.Nc4 Ne7 45.Rb7 Rd8 46.Be6 Be4 47.Rb4 Bc6 48.Rb6 g6 49.h4 Rd1+ 50.Kf2 Rc1
51.g4 Rc2+ 52.Kg3 Bd5 53.Rb8+ Kg7 54.Re8 Bxe6 55.Rxe7+ Kf8 56.Rxe6 Rxc4 57.Rxf6+ Ke7
58.Rb6 Rc7 59.Kf3 Kf7 60.Ke4 Rc4+ 61.Kxe5 Rxg4 62.Rb7+ Ke8 63.Rxh7 Rg3 64.Kf4 Rg2
65.Rb7 Rh2 66.Kg5 Re2 67.Kxg6 Rxe3 68.h5 Rg3+ 69.Kf6 Rh3 70.Ke6 Kd8 71.Kd6 Kc8
72.Rb5 Rh2 73.Kc6 Kd8 74.Kb6 Kd7 75.Ka5 Rh4 76.Rb4 Rxh5+ 77.Kxa4 Kc6 78.Rg4 Kb6
79.Rg6+ Kb7 80.b4 Rh3 81.b5 Rf3 82.Kb4 Rh3 83.a4 Rf3 84.Rg7+  1-0

[Event "Spring Open"]
[Site "Belgrade SRB"]
[Date "2009.03.22"]
[Round "2"]
[White "Carnic,D"]
[Black "Miladinovic,L"]
[Result "1-0"]
[WhiteElo "2184"]
[BlackElo "1935"]

1.e4 c5 2.Nf3 e6 3.d4 cxd4 4.Nxd4 Nc6 5.Nb5 d6 6.Bf4 e5 7.Be3 Be6 8.Nd2 Nf6
9.Bg5 Be7 10.Bxf6 Bxf6 11.Bc4 a6 12.Nc3 O-O 13.Bb3 Nd4 14.Nc4 Bg5 15.O-O Rc8
16.Ne3 Bxe3 17.fxe3 Nxb3 18.axb3 Rc5 19.Qd3 Qg5 20.Qxd6 Qxe3+ 21.Kh1 Qd4
22.Rad1 Qxd6 23.Rxd6 g6 24.h3 Kg7 25.Rfd1 Rfc8 26.Rb6 R8c7 27.Rd8 R5c6 28.Rd6 Rxd6
29.Rxd6 Kf8 30.Rb6 Bc8 31.Kg1 f5 32.Kf2 Kg7 33.Ke3 fxe4 34.Rd6 Rc5 35.Rd2 Be6
36.Nxe4 Rd5 37.c4 Rxd2 38.Kxd2 Bd7 39.Ke3 Bc6 40.g3 Bxe4 41.Kxe4 Kf6 42.b4 Ke6
43.g4 h5 44.g5 b6 45.c5 bxc5 46.bxc5 a5 47.c6 a4 48.c7 Kd7 49.Kxe5 Kxc7 50.Kf6 Kc6
51.Kxg6 Kb5 52.Kxh5 Kb4 53.g6 Kb3 54.g7 Kxb2 55.g8=Q a3 56.h4 a2 57.Qxa2+  1-0

[Event "Spring Open"]
[Site "Belgrade SRB"]
[Date "2009.03.23"]
[Round "3"]
[White "Korbovljanovic,N"]
[Black "Petrovski,I"]
[Result "0-1"]
[WhiteElo "1737"]
[BlackElo "1967"]

1.e4 c5 2.Nf3 e6 3.d4 cxd4 4.Nxd4 Nc6 5.Nb5 d6 6.Be3 a6 7.Nd4 Qc7 8.Nc3 Nf6
9.Be2 Be7 10.O-O O-O 11.Kh1 Nxd4 12.Bxd4 b5 13.a3 Bb7 14.Bd3 Rac8 15.f4 e5
16.Be3 exf4 17.Bxf4 Rfe8 18.Qf3 Bf8 19.Bg5 Re6 20.Nd5 Nxd5 21.exd5 Re5 22.Qh3 g6
23.Bf6 Rh5 24.Qg3 Bg7 25.Bxg7 Kxg7 26.Rf2 Bxd5 27.Bf5 Be6 28.Bxe6 fxe6 29.Raf1 Rf5
30.Rxf5 exf5 31.Rxf5 Qxc2 32.Rf1 Rf8 33.Re1 Qxb2 34.Qxd6 Qf6 35.Re7+ Rf7
36.Rxf7+ Kxf7 37.Qd7+ Qe7 38.Qd5+ Kg7 39.Qd4+ Kh6 40.Qf4+ g5 41.Qc1 Kg7 42.Qc3+ Qf6
43.Qc7+ Kf8 44.Qc8+ Ke7 45.Qc7+ Ke6 46.Qc6+ Ke5 47.Qc3+ Ke6 48.Qh3+ Kd5 49.Qb3+ Kc5
50.Qc2+ Kd5 51.Qd2+ Ke4 52.Qc2+ Ke3 53.Qc1+ Kd3 54.Qb1+ Kd2 55.Qa2+ Kc1 56.h3 h6
57.Qb3 Qf1+ 58.Kh2 Qc4 59.Qe3+ Kb2 60.Qb6 Kxa3 61.Qxa6+ Kb2 62.Qxh6 Qf4+
63.Kg1 Qe3+ 64.Kf1 b4 65.Qf6+ Qc3 66.Qf2+ Kb1 67.Qf5+ Qc2 68.g4 b3 69.Ke1 Qxf5
70.gxf5 b2 71.Ke2 Ka2 72.Kf3 b1=Q 73.Kg4 Qc1 74.Kh5 Qh1 75.f6 Qxh3+ 76.Kxg5 Qh7  0-1

[Event "TCh-HUN 2008-9"]
[Site "Kazincbarcika HUN"]
[Date "2009.04.05"]
[Round "10"]
[White "Seres,L"]
[Black "Dovzik,J"]
[Result "1-0"]
[WhiteElo "2458"]
[BlackElo "2374"]

1.e4 c5 2.Nf3 Nc6 3.d4 cxd4 4.Nxd4 e6 5.Nb5 d6 6.c4 Nf6 7.N1c3 a6 8.Na3 b6
9.Be2 Bb7 10.Be3 Be7 11.O-O Nb8 12.f3 Nbd7 13.Qd2 O-O 14.Rfd1 Qc7 15.Rac1 Rac8
16.Nc2 Qb8 17.Kh1 Rfe8 18.b3 h6 19.Bf1 Kh8 20.Bg1 Rg8 21.a3 g5 22.b4 Rg6
23.Qd4 g4 24.f4 g3 25.hxg3 Rxg3 26.Bh2 Rg7 27.Ne3 Rcg8 28.Rc2 Qa8 29.e5 Ng4
30.Nxg4 Rxg4 31.Qg1 h5 32.Rd3 h4 33.exd6 Bf6 34.Rh3 R8g7 35.Rd2 Kg8 36.Nd1 Bd4
37.Ne3 Bxe3 38.Rxe3 Rg3 39.c5 bxc5 40.bxc5 Bc6 41.Qf2 R3g4 42.Rc3 f5 43.Qe2 Kh7
44.Kg1 Nf6 45.Qxe6 R7g6 46.d7 Bxg2 47.d8=Q Bd5+ 48.Kf2 Qxd8 49.Qxf5 Qa5 50.Rxd5 Qxc3
51.Re5 Qd2+ 52.Re2 Qd4+ 53.Ke1 Kh6 54.Qe5 Qc4 55.f5 Qc1+ 56.Kf2 R4g5 57.Bh3 Qxa3
58.Bf4 Qxh3 59.Bxg5+ Kh5 60.Bxf6 Qg3+ 61.Qxg3 hxg3+ 62.Kf3 Rxf6 63.Kf4 Rc6
64.Rg2 Rxc5 65.Rxg3 Rc4+ 66.Ke5 Rc1 67.f6 Re1+ 68.Kf5 Rf1+ 69.Ke6 a5 70.f7 Kh6
71.Rg8  1-0

[Event "ch-MGL"]
[Site "Ulan Bator MGL"]
[Date "2009.04.15"]
[Round "7"]
[White "Khatanbaatar,B"]
[Black "Munguntuul,B"]
[Result "1/2-1/2"]
[WhiteElo "2403"]
[BlackElo "2440"]

1.e4 c5 2.Nf3 e6 3.d4 cxd4 4.Nxd4 Nc6 5.Nb5 d6 6.c4 Nf6 7.N1c3 a6 8.Na3 d5
9.exd5 exd5 10.cxd5 Nb4 11.Be2 Nfxd5 12.Nxd5 Qxd5 13.O-O Be6 14.Bf3 Qxd1
15.Rxd1 Be7 16.Bf4 O-O 17.Bxb7 Rad8 18.Bc7 Rxd1+ 19.Rxd1 Bxa2 20.h3 h6 21.Ba5 Rb8
22.Rd7 Bf8 23.Bxb4 Be6 24.Rd4 Rxb7 25.Nc2 Bxb4 26.Nxb4 a5 27.Nc6 Rxb2 28.Nxa5 Rb1+
29.Kh2 Rb6  1/2-1/2

[Event "ch-UKR w"]
[Site "Evpatoria UKR"]
[Date "2009.05.30"]
[Round "8"]
[White "Shvayger,Y"]
[Black "Tsirulnik,Mari"]
[Result "1/2-1/2"]
[WhiteElo "2160"]
[BlackElo "2094"]

1.e4 c5 2.Nf3 Nc6 3.d4 cxd4 4.Nxd4 e6 5.Nb5 d6 6.c4 Nf6 7.N1c3 Be7 8.Be2 O-O
9.O-O a6 10.Nd4 Bd7 11.Be3 Rc8 12.Rc1 Nxd4 13.Qxd4 Qa5 14.Qd2 b5 15.Nd5 Qd8
16.Bb6 Qe8 17.Nxe7+ Qxe7 18.f3 bxc4 19.Bxc4 Rc6 20.Ba5 Rfc8 21.Be2 d5 22.e5 Ne8
23.f4 g6 24.g4 Rxc1 25.Rxc1 Rxc1+ 26.Qxc1 Bb5 27.Bxb5 Qa7+ 28.Kg2 axb5 29.b4 Qd7
30.Qc5 d4 31.Kf2 d3 32.Ke1 Qb7 33.Kd2 Qf3 34.Qe3 Qxg4 35.Kxd3 Qd1+ 36.Qd2 Qf3+
37.Kc2 Qc6+ 38.Kb2 h5 39.Bd8 Nc7 40.Bxc7 Qxc7 41.h4 Qe7 42.Qe1 Qd8 43.Qf2 Qd3
44.a3 Kg7 45.Ka2 Qc3 46.Qh2 Qd4 47.Qg3 Kf8 48.Kb3 Qc4+ 49.Kb2 Qe2+ 50.Kb3 Qc4+
51.Kb2 Qd4+ 52.Kb3 Ke8 53.Qg5 Qd1+ 54.Kb2 Qd4+ 55.Kb3 Kf8 56.Qg3 Kg7 57.Qg5 Qc4+
58.Kb2 Qd3 59.Qf6+ Kg8  1/2-1/2

[Event "XXXI Nezhmetdinov Mem"]
[Site "Kazan RUS"]
[Date "2009.06.05"]
[Round "6"]
[White "Ospennikov,D"]
[Black "Sherbakov,R"]
[Result "1/2-1/2"]
[WhiteElo "2229"]
[BlackElo "2500"]

1.e4 c5 2.Nf3 e6 3.d4 cxd4 4.Nxd4 Nc6 5.Nb5 d6 6.Bf4 e5 7.Be3 a6 8.N5c3 Nf6
9.Bg5 Be7 10.Na3 b5 11.Bxf6 Bxf6 12.Nd5 Bg5 13.c3 Ne7 14.Nc2 O-O 15.Ncb4 Be6
16.a4 bxa4 17.Bxa6 Nxd5 18.exd5 Bd7 19.Bb7 Bb5 20.Bc6 Qb6 21.Qg4 h6 22.h4 f5
23.Qh5 a3 24.Bxb5 axb2 25.Rb1 Qxb5 26.hxg5 Qc4 27.Qh3 Ra3 28.Kd2 Rb8 29.Nc2 Ra5
30.Ne3 Rxd5+ 31.Nxd5 Qxd5+ 32.Qd3 Qxg2 33.gxh6 Qxf2+ 34.Qe2 Qf4+ 35.Qe3 Qc4
36.Rhg1 Rb5 37.Rxg7+ Kf8 38.Ke1 Qh4+ 39.Kf1 f4 40.Qf3 Qxh6 41.Ra7 e4 42.Ra8+ Kf7
43.Qxe4 Qh3+ 44.Kf2 Qg3+ 45.Kf1 Qh3+ 46.Kf2 Qg3+ 47.Kf1 Qh3+  1/2-1/2

[Event "TCh-BUL"]
[Site "Sunny Beach BUL"]
[Date "2009.06.10"]
[Round "3"]
[White "Radulski,J"]
[Black "Iotov,V"]
[Result "0-1"]
[WhiteElo "2560"]
[BlackElo "2581"]

1.e4 c5 2.Nf3 e6 3.d4 cxd4 4.Nxd4 Nc6 5.Nb5 d6 6.c4 Nf6 7.N5c3 a6 8.Na3 Be7
9.Be2 b6 10.O-O Bb7 11.f4 O-O 12.Bf3 Rc8 13.Be3 Re8 14.Qd2 Na5 15.Qf2 Nd7
16.Be2 d5 17.exd5 exd5 18.Rad1 Bxa3 19.bxa3 Nxc4 20.Bd4 Nd6 21.f5 Rxc3 22.Bxc3 Ne4
23.Qd4 Nxc3 24.Qxc3 Rxe2 25.Rd2 Rxd2 26.Qxd2 Qe7 27.Re1 Qc5+ 28.Qf2 Kf8 29.h3 Bc6
30.Rb1 Bb5 31.Rb4 Qxf2+ 32.Kxf2 Bc4 33.Rb2 Ke7 34.Ke3 Kd6 35.Kd4 b5 36.a4 Nb8
37.axb5 axb5 38.Ke3 Nc6 39.Kf4 d4 40.g4 Kd5 41.f6 gxf6  0-1

[Event "13th Master Open"]
[Site "Voronezh RUS"]
[Date "2009.06.18"]
[Round "7"]
[White "Ziatdinov,R"]
[Black "Bocharov,D"]
[Result "0-1"]
[WhiteElo "2425"]
[BlackElo "2606"]

1.e4 c5 2.Nf3 e6 3.d4 cxd4 4.Nxd4 Nc6 5.Nb5 d6 6.c4 Nf6 7.N1c3 a6 8.Na3 Be7
9.Be2 O-O 10.O-O b6 11.Be3 Ne5 12.Rc1 Bb7 13.f3 Qc7 14.Qe1 Rac8 15.g4 h6
16.Qg3 Rfe8 17.Rf2 Qd8 18.Rg2 Nh7 19.f4 Ng6 20.g5 hxg5 21.fxg5 d5 22.Rd1 Bd6
23.Qf2 Qe7 24.Na4 dxe4 25.Nxb6 Rc7 26.Rxd6 Qxd6 27.c5 Qe7 28.Nac4 Rd8 29.h4 e5
30.b4 Nhf8 31.Qg3 Rd3 32.Bxd3 exd3 33.Rf2 Nf4 34.Rxf4 exf4 35.Bxf4 Rc6 36.Nd6  0-1

[Event "13th Master Open"]
[Site "Voronezh RUS"]
[Date "2009.06.20"]
[Round "9"]
[White "Shaposhnikov,E"]
[Black "Bocharov,D"]
[Result "0-1"]
[WhiteElo "2549"]
[BlackElo "2606"]

1.e4 c5 2.Nf3 Nc6 3.d4 cxd4 4.Nxd4 e6 5.Nb5 d6 6.Bf4 e5 7.Be3 Nf6 8.Bg5 Be6
9.Nd2 Be7 10.Bc4 a6 11.Nc3 O-O 12.Bxf6 Bxf6 13.Nd5 Bg5 14.a4 Rc8 15.c3 Nb4
16.Nxb4 Bxd2+ 17.Qxd2 Bxc4 18.f3 f5 19.exf5 d5 20.Nc2 d4 21.Na3 Bb3 22.cxd4 exd4
23.O-O d3 24.g4 Qd4+ 25.Kg2 Bxa4 26.Rac1 Rxc1 27.Rxc1 Re8 28.Kh3 Qe3 29.Qxe3 Rxe3
30.Rc8+ Kf7 31.Nc4 Re2 32.f4 b5 33.Ne5+ Rxe5 34.fxe5 d2 35.e6+ Kf6  0-1

[Event "Open"]
[Site "Albena BUL"]
[Date "2009.06.22"]
[Round "3"]
[White "Radulski,J"]
[Black "Ivanov,Jo"]
[Result "1/2-1/2"]
[WhiteElo "2560"]
[BlackElo "2435"]

1.e4 c5 2.Nf3 e6 3.d4 cxd4 4.Nxd4 Nc6 5.Nb5 d6 6.c4 Nf6 7.N1c3 a6 8.Na3 b6
9.Be2 Bb7 10.f4 d5 11.exd5 exd5 12.Nxd5 Nxd5 13.cxd5 Nb4 14.Qa4+ Qd7 15.Qxd7+ Kxd7
16.Bg4+ Kc7 17.O-O Bc5+ 18.Kh1 Bxd5 19.Bf3 Bxf3 20.Rxf3 Rad8 21.Be3 Nxa2
22.Nc4 Rhe8 23.Bxc5 bxc5 24.Rg3 g6 25.h3 Nb4 26.Ra5 Kc6 27.Ne5+ Kb6 28.Nc4+ Kc6
29.Ne5+  1/2-1/2

[Event "Open"]
[Site "Rethymno GRE"]
[Date "2009.07.16"]
[Round "6"]
[White "Konguvel,P"]
[Black "Van Kooten,L"]
[Result "1/2-1/2"]
[WhiteElo "2419"]
[BlackElo "2277"]

1.e4 c5 2.Nf3 e6 3.d4 cxd4 4.Nxd4 Nc6 5.Nb5 d6 6.c4 Nf6 7.N1c3 a6 8.Na3 b6
9.Be2 Bb7 10.O-O Be7 11.Bf4 O-O 12.Qd2 Ne5 13.f3 Rc8 14.Rfd1 Qc7 15.Rac1 Rfd8
16.Kh1 Qb8 17.Bf1 Qa8 18.Qf2 Nfd7 19.Na4 Qa7 20.b4 Bc6 21.Nc3 Ba8 22.Be3 Rb8
23.Nab1 Kh8 24.Nd2 g5 25.Bd4 f6 26.a3 Rg8 27.h3 Rg6 28.Nb3 h5 29.Be3 Qc7
30.Nd4 Nf8 31.Be2 Bd8 32.f4 gxf4 33.Qxf4 Nxc4 34.Bxc4 Qxc4 35.Qxd6 Bc7 36.Qe7 Be5
37.Rc2 Rg7 38.Nce2 Qxc2 39.Qxg7+ Kxg7 40.Nxc2 Bxe4 41.Ncd4 Rc8 42.Bf4 Bxd4
43.Rxd4 Bd5 44.Be3 Ng6 45.Ng3 Rc3 46.Bf2 h4 47.Nf5+ Kf7 48.Ne3 Bc6 49.Kg1 Rxa3
50.Rc4 Ne5  1/2-1/2

[Event "6th South Wales Int"]
[Site "Treforest WLS"]
[Date "2009.07.16"]
[Round "8"]
[White "Byron,A"]
[Black "Harley Yeo,G"]
[Result "1/2-1/2"]
[WhiteElo "2173"]
[BlackElo "2043"]

1.e4 c5 2.Nf3 e6 3.d4 cxd4 4.Nxd4 Nc6 5.Nb5 d6 6.c4 Nf6 7.N1c3 a6 8.Na3 b6
9.Be2 Bb7 10.O-O Be7 11.Be3 O-O 12.f4 Re8 13.Bf3 Qc7 14.Rc1 Nd7 15.Qe2 Rad8
16.Rfd1 Bf6 17.Nab1 Nc5 18.Rd2 Be7 19.Rcd1 Ba8 20.Qf2 Rb8 21.Na3 Nb4 22.Nc2 Nxc2
23.Rxc2 Nd7 24.b3 Red8 25.Qe2 Nf6 26.g4 h6 27.h4 Nh7 28.g5 hxg5 29.hxg5 e5
30.Nd5 Bxd5 31.Rxd5 exf4 32.Bxf4 Nf8 33.Qh2 Ne6 34.Bg4 Nxf4 35.Qxf4 g6 36.Rcd2 Bf8
37.Be2 Qe7  1/2-1/2

[Event "32nd Aegean Open"]
[Site "Aghios Kirykos GRE"]
[Date "2009.07.17"]
[Round "7"]
[White "Poulos,G"]
[Black "De Haan,E"]
[Result "1-0"]
[WhiteElo "2115"]
[BlackElo "2349"]

1.e4 c5 2.Nf3 e6 3.d4 cxd4 4.Nxd4 Nc6 5.Nb5 d6 6.Bf4 e5 7.Be3 a6 8.N5c3 Nf6
9.Bc4 Be7 10.Nd5 Nxd5 11.Bxd5 O-O 12.Qd2 Be6 13.Nc3 Rc8 14.Bb3 Na5 15.Nd5 Nc4
16.Bxc4 Rxc4 17.f3 Bxd5 18.exd5 Qc8 19.Rc1 Bh4+ 20.g3 Bf6 21.O-O b5 22.c3 e4
23.f4 Qc7 24.Rfd1 Rc8 25.a3 a5 26.Qf2 a4 27.Bd4 Bxd4 28.Rxd4 f5 29.Re1 Qb7
30.Red1 R4c5 31.Qe2 Qa7 32.Kg2 Re8 33.Qh5 g6 34.Qe2 h6 35.h4 Re7 36.g4 Qd7
37.g5 Rh7 38.h5 hxg5 39.hxg6 Rh4 40.Rh1 Rg4+ 41.Kf1 Rxf4+ 42.Ke1 Rg4 43.Rh7 Qe8
44.Qh2 Qxg6 45.Rh6 Qg7 46.Qxd6 Qc7 47.Rg6+ Kh7 48.Rh6+ Kg8 49.Qe6+ Qf7 50.Rg6+ Kf8
51.Rf6 Qxf6 52.Qxf6+ Kg8 53.Qxf5 Rg1+ 54.Kd2 Rg2+ 55.Ke3 Rxb2 56.Qxg5+ Kf7
57.Qf5+ Kg7 58.Qe5+ Kg8 59.Qe8+  1-0